Central Library OPAC University of Rajshahi

Economics : (Record no. 58091)

MARC details
000 -LEADER
fixed length control field 00619nam a2200217 a 4500
001 - CONTROL NUMBER
control field 58091
003 - CONTROL NUMBER IDENTIFIER
rucl marc code BD-RjUL
005 - DATE AND TIME OF LATEST TRANSACTION
control field 20211209080603.0
008 - FIXED-LENGTH DATA ELEMENTS--GENERAL INFORMATION
fixed length control field 161215r19641963us ||||| |||| 00| 0 eng d
035 ## - SYSTEM CONTROL NUMBER
System control number (BD-RjUL)58215
040 ## - CATALOGING SOURCE
Original cataloging agency BD-RjUL
Language of cataloging eng
Transcribing agency BD-RjUL
Modifying agency BD-RjUL
041 ## - LANGUAGE CODE
Language code of text/sound track or separate title eng
082 ## - DEWEY DECIMAL CLASSIFICATION NUMBER
Edition number 23
Classification number 330
Author mark and year REE 1964
100 1# - MAIN ENTRY--PERSONAL NAME
Personal name Reynolds, Lioyd G.
9 (RLIN) 172554
245 10 - TITLE STATEMENT
Title Economics :
Remainder of title a general introduction /
Statement of responsibility, etc. Lioyd G. Reynolds
260 ## - PUBLICATION, DISTRIBUTION, ETC. (IMPRINT)
Place of publication, distribution, etc. Homewood :
Name of publisher, distributor, etc. Illinois,
Date of publication, distribution, etc. c1963 [ Printing 1964]
300 ## - PHYSICAL DESCRIPTION
Pagination xx, 739 p. :
Illustrations ill. ;
Size 24 cm
500 ## - GENERAL NOTE
General note Includes Index
650 ## - SUBJECT ADDED ENTRY--TOPICAL TERM
Topical term or geographic name as entry element Economics
9 (RLIN) 170576
942 ## - ADDED ENTRY ELEMENTS (KOHA)
Source of classification or shelving scheme Dewey Decimal Classification
Koha item type Books
Holdings
Lost status Source of classification or shelving scheme Damaged status Not for loan Collection code Permanent Location Current Location Shelving location Date acquired Source of acquisition Cost, normal purchase price Total Checkouts Full call number Date last seen Copy number Koha item type
  Dewey Decimal Classification   Not For Loan Non-fiction Central Library, University of Rajshahi Central Library, University of Rajshahi Reading Room 16/11/1965 Zeitlinger 68.00   330 REE 1964 15/12/2016 C-1 Books